La Organización y lucha popular por vivienda en Centroamérica: condicionantes económicos, políticos e ideológicos de su desarrollo durante la crisis /
محفوظ في:
| المؤلف الرئيسي: | |
|---|---|
| مؤلف مشترك: | |
| مؤلفون آخرون: | |
| التنسيق: | نص |
| منشور في: |
San José:
Programa Centroamericano de Ciencias Sociales
|
| الوسوم: |
إضافة وسم
لا توجد وسوم, كن أول من يضع وسما على هذه التسجيلة!
|
MARC
| LEADER | 00000 a a2200000 04500 | ||
|---|---|---|---|
| 001 | 21336 | ||
| 003 | |||
| 040 | |||
| 090 | |a 093500 | ||
| 100 | |a Argüello Rodríguez, Manuel | ||
| 110 | |a CSUCA. Programa Centroamericano de Ciencias Sociales | ||
| 245 | |a La Organización y lucha popular por vivienda en Centroamérica: condicionantes económicos, políticos e ideológicos de su desarrollo durante la crisis / |c Manuel Argüello Rodríguez | ||
| 260 | |a San José: |b Programa Centroamericano de Ciencias Sociales | ||
| 300 | |a 42 p. | ||
| 700 | |a Vargas Cullell, Jorge Luis | ||
| 999 | |c 17267 |d 17267 | ||
